| 000 | 00637nam a22001457a 4500 | ||
|---|---|---|---|
| 020 | _a978-1-4169-2513-2 | ||
| 082 |
_a823 _bKEE/N |
||
| 100 | _aKEENE, CAROLYN | ||
| 245 | _aNANCY DREW - TROUBLED WATERS | ||
| 260 |
_aNEW YORK _bALADDIN PAPERWORKS _c2007 |
||
| 300 | _a149 | ||
| 520 | _aIn #23 Troubled Waters, floods in the low-lying towns downriver from River Heights destroy many homes and business, and River Heights is mobilizing to contribute to relief efforts. Nancy, Bess, and George all sign on as volunteers for Helping Homes, a nonprofit that builds homes for people in need. | ||
| 650 |
_aDETECTIVE _zUNITED STATES |
||
| 942 | _cBK | ||
| 999 |
_c7848 _d7848 |
||